000 01193cam a2200301 a 4500
001 2091036
003 ARRUPE
005 20150910103820.0
008 950920s1995 enk b 100 0 eng d
010 _a 95078939
020 _a1859721923
035 _a(OCoLC)33836642
040 _aWaPS
_cWaPS
_dDLC
042 _alccopycat
050 0 4 _aSPCH3.B115
245 0 0 _aContinental and postmodern perspectives in the philosophy of science /
_cedited by Babette E. Babich, Debra B. Bergoffen, Simon V. Glynn.
260 _aAldershot, Hants ;
_aBrookfield, Vt. :
_bAvebury,
_c1995.
300 _aix, 253 p. ;
_c23 cm.
440 _aAvebury series in philosophy
_919352
500 _aheelan, Patrick A. - An Anti-epistemological or ontological interpretation of the quantum theory and theories like it p. 55-68
650 0 _aScience
_xPhilosophy
_xCongresses.
_914223
700 1 _aBabich, Babette E.,
_d1956-
_919442
_eed
700 1 _aBergoffen, Debra B.
_919626
_eed.
700 1 _aGlynn, Simon,
_d1948-
_919627
_eed.
906 _a7
_bcbc
_ccopycat
_d2
_eopcn
_f19
_gy-gencatlg
942 _2lcc
_cSPC
999 _c123334
_d123334